[Event "ROU-ch Men 2018"]
[Site "Olanesti"]
[Date "2018.05.15"]
[Round "2"]
[White "Ciorgovean, Iustin"]
[Black "Manea, Alexandru"]
[Result "0-1"]
[WhiteElo "2169"]
[BlackElo "2402"]
[Annotator "TA"]
[PlyCount "34"]
[EventDate "2018.??.??"]
[EventType "swiss"]
[EventCountry "ROU"]
[SourceTitle "playchess.com"]
[Source "ChessBase"]
[SourceQuality "1"]

{[%evp 22,34,33,0,0,-63,-46,-21,40,51,21,-256,-242,-236,-262]} 1. d4 Nf6 2. c4 e6 3. Nc3 c5 4. d5 exd5 5. cxd5 d6 6. Nf3 g6 7. Nd2 Bg7 8. e4 O-O 9. Be2 Re8 10. O-O Nbd7 11. Qc2 Ne5 {A77: Modern Benoni: Classical: 9...Re8 10 Nd2: 10...a6 and 10...Nbd7} 12. Re1 {LiveBook: 5 Games} (12. b3 Bg4 13. Bxg4 Nfxg4 14. Bb2 a6 15. h3 Nf6 16. f4 Ned7 17. Nc4 Nb6 18. Rae1 Nxc4 19. bxc4 Nd7 20. e5 dxe5 {½-½ (30) Aronian,L (2786)-Caruana,F (2794) Moscow 2016}) 12... Nfg4 13. Bb5 (13. Nf1 $11) 13... Qh4 {Black is slightly better.} 14. Nf1 Re7 $146 ({Better is} 14... Rf8 $1 $11 15. Bf4 f5) ({Predecessor:} 14... Rf8 15. Bf4 c4 16. Bg3 Qd8 17. h3 a6 18. hxg4 axb5 19. Nxb5 {0-1 (51) Gerusel,M (2390)-Dueball,J (2445) Germany 1985}) 15. Bf4 $1 $14 a6 16. Qd2 $2 {[%mdl 8192] [#]} (16. Bg3 $11 {and White is okay.} Qh6 17. Be2) 16... Qxf2+ $1 $19 {[%mdl 512]} 17. Qxf2 Nxf2 0-1

[Event "ROU-ch Men 2018"]
[Site "Olanesti"]
[Date "2018.05.15"]
[Round "2"]
[White "Daianu, Cristian-Clement"]
[Black "Rauca, Horatiu-Augustin"]
[Result "1-0"]
[WhiteElo "2150"]
[BlackElo "1897"]
[Annotator "TA"]
[PlyCount "76"]
[EventDate "2018.??.??"]
[EventType "swiss"]
[EventCountry "ROU"]
[SourceTitle "playchess.com"]
[Source "ChessBase"]
[SourceQuality "1"]

{[%evp 14,76,52,83,84,85,80,72,78,74,83,81,90,83,93,80,83,81,77,77,79,92,73,45,65,72,84,69,81,64,164,150,155,122,147,131,132,110,162,166,189,153,167,115,308,313,366,331,397,412,433,328,512,506,470,472,759,656,711,711,956,961,843,833,29988]} 1. e4 c5 2. Nf3 d6 3. d4 Nf6 4. Nc3 cxd4 5. Nxd4 e5 6. Bb5+ Bd7 7. Bxd7+ Qxd7 8. Nde2 Nc6 {B56: Classical Sicilian: Unusual Lines} (8... Qc6 9. Ng3 Nbd7 10. Bg5 g6 11. Qd3 Be7 12. Bxf6 Nxf6 13. Nf1 Bd8 14. O-O-O Ba5 15. Qf3 Ke7 16. Nd5+ Nxd5 17. Rxd5 {½-½ (44) Inarkiev,E (2667)-Vachier Lagrave,M (2703) Warsaw 2010}) 9. Bg5 Be7 10. Bxf6 Bxf6 {White is better.} 11. Nd5 Bg5 12. Ng3 $146 ({Predecessor:} 12. Qd3 O-O 13. O-O f5 14. exf5 Rxf5 15. Ng3 Rf7 16. Rad1 {1-0 (57) Eitel,P (2128)-Stortz,M (2105) Germany 2004}) 12... O-O-O 13. a4 g6 14. O-O f5 15. Qd3 Rhf8 16. Ne2 fxe4 17. Qxe4 Kb8 18. Ra3 Rc8 19. Rd3 Qf5 20. Ng3 Qf7 21. Qg4 Be7 {[#]} (21... Nd4 $14 22. Ne3 (22. Rxd4 $2 exd4 23. Qxd4 Rxc2 $19) 22... Bxe3 23. fxe3 Nf5) 22. c3 $1 $18 Rfd8 23. Rfd1 h5 24. Qe4 h4 25. Nf1 g5 (25... Bg5 $16) 26. Nfe3 Bf8 27. Qg4 Qg6 28. Nf5 (28. R3d2 $18) 28... Rd7 $2 {[#]} (28... e4 $16 {keeps fighting.} 29. Rh3 (29. Qxe4 $2 Re8 $17) 29... Ne5 30. Qxe4 Rd7) 29. Nxh4 Qf7 30. Nf3 ({Much less strong is} 30. Qxg5 Be7 $18) 30... Rdd8 31. Nxg5 Qg8 32. Qf5 Nd4 (32... Ne7 $142 33. Nxe7 Bxe7) 33. cxd4 {[%cal Bc3d4,Bd4e5,Be5d6][%mdl 32] White is clearly winning.} Qxd5 34. dxe5 Qa2 (34... Qa5 $142 35. h4 dxe5 36. Rxd8 Rxd8) 35. h4 Qxa4 36. exd6 Rd7 37. Ne4 Bg7 38. Nc5 Bf8 {Precision: White = 71%, Black = 27%.} 1-0

[Event "ROU-ch Men 2018"]
[Site "Olanesti"]
[Date "2018.05.15"]
[Round "2"]
[White "Pribeanu, Mihail-Dacian"]
[Black "Ileana, George"]
[Result "0-1"]
[WhiteElo "2119"]
[BlackElo "2325"]
[Annotator "TA"]
[PlyCount "147"]
[EventDate "2018.??.??"]
[EventType "swiss"]
[EventCountry "ROU"]
[SourceTitle "playchess.com"]
[Source "ChessBase"]
[SourceQuality "1"]

{[%evp 16,147,12,-12,-10,-52,-12,-18,-2,-6,-12,-14,-19,-23,-11,-20,-7,-44,-40,-72,-60,-72,-70,-56,0,-66,-49,-45,-29,-25,-21,-45,-19,-31,-31,-34,-43,-37,5,2,8,0,28,-49,-48,-58,-50,-79,-54,-58,-57,-101,-84,-80,-71,-88,-65,-60,-87,-72,-44,-44,-44,-44,-44,-44,-44,-64,-64,-64,-44,-64,-65,-66,-72,-64,-75,-76,-45,-45,0,-47,-45,-45,-38,-39,-39,-41,-41,-33,0,0,0,0,0,-8,0,0,0,-113,-8,-8,-8,-8,-8,-8,-8,-739,-662,-580,-562,-485,-8,-634,-8,-187,-8,-8,-8,-8,-8,-8,-8,-8,-8,-8,-8,-29971,-29972,-29958,-29971,-29970,-29971,-11555]} 1. Nf3 Nf6 2. g3 b6 3. Bg2 Bb7 4. O-O c5 5. d3 g6 6. e4 d6 7. Nh4 Bg7 {A05: Réti Opening: 1 Nf3 Nf6} 8. f4 Nc6 9. Nc3 {[%cal Bb1c3,Bc3e2,Be2g3,Bg3e4][%mdl 32] LiveBook: 16 Games} e6 {The position is equal.} 10. g4 $146 ({Predecessor:} 10. a4 Qd7 11. g4 O-O-O 12. h3 Kb8 13. Nb5 Ne8 14. c3 Nc7 15. Be3 {½-½ (41) Teterev,V (2487)-Rozum,I (2606) Minsk 2017}) 10... Nd7 11. Nf3 Nd4 12. Ne2 Nxf3+ 13. Bxf3 O-O 14. Ng3 d5 15. Qe2 dxe4 16. Nxe4 Qc7 17. Qg2 Rad8 18. f5 exf5 19. gxf5 Qe5 ({Of course not} 19... gxf5 $6 20. Bh6 $14) (19... c4 $15) 20. Qh3 (20. Bg5 $11) 20... Bxe4 ({Stronger than} 20... gxf5 21. Ng5 $16) 21. Bxe4 Nf6 22. Bg2 Qd4+ 23. Kh1 $1 Qg4 24. fxg6 hxg6 25. Qxg4 Nxg4 26. h3 Ne5 27. Bg5 Rd7 28. Rae1 Rc8 29. Bf6 (29. Rf6 $11) 29... Bxf6 $15 30. Rxf6 Kg7 31. Rf2 f6 32. Re4 Rd4 33. Ref4 Rxf4 34. Rxf4 $17 {[%mdl 4096] Endgame KRB-KRN} f5 35. Kg1 Kf6 36. Rh4 Rd8 37. Rh7 Rd7 (37... c4 {is interesting.} 38. Rxa7 cxd3 39. cxd3 Nxd3 40. Rc7 Rd6) 38. Rxd7 Nxd7 $15 {KB-KN} 39. Kf2 Ke5 40. Kg3 g5 41. Bc6 Nf6 42. Bf3 Ne8 43. Bc6 Ng7 44. Bd7 Nh5+ 45. Kf3 Nf4 46. Kg3 Ne2+ 47. Kf2 Nf4 (47... Nd4 $5 {[%cal Rd4c2]} 48. c3 Ne6 $15) 48. Kg3 Nd5 49. c3 a6 {[%cal Ba7a6,Ba6a5][%mdl 32]} 50. Bc8 a5 51. Bd7 Nc7 52. Kf3 b5 53. d4+ cxd4 54. cxd4+ Kf6 55. d5 {[%cal Bd4d5,Bd5d6][%mdl 32]} b4 56. d6 Ne6 57. Ba4 {[#]} (57. Bc8 $1 $11 {remains equal.}) 57... Nc5 (57... b3 $1 $17 {[%cal Rb3a2][%mdl 512]} 58. axb3 (58. Bxb3 $2 Nd4+ 59. Ke3 Nxb3 $19) 58... Nc5) 58. d7 $1 $132 {[%cal Rd7d8][%mdl 2048] White is not keeping still} Ke7 59. Bc2 f4 60. Kg4 Kxd7 61. Kxg5 $2 {[%mdl 8192]} (61. a3 $11) 61... f3 $19 {aiming for ...f2.} 62. Bd1 f2 63. Be2 Ne4+ $2 (63... Na4 $1 $19 {[%cal Ra4b2]} 64. h4 Nxb2) 64. Kg6 $2 {[%mdl 8192] [#]} (64. Kf4 $11 Nd2 65. h4) 64... Ng3 $2 (64... Nc3 $1 $19 {[%mdl 512]} 65. Bc4 (65. bxc3 bxc3) 65... Nxa2 $1 {[%mdl 512]}) 65. Bb5+ $2 {[#]} (65. Ba6 $11 {and White has nothing to worry.}) 65... Ke7 $2 ({Black should try} 65... Kd6 $1 $19 {[%cal Rd6c5]} 66. h4 Ke7) 66. h4 $11 f1=Q 67. Bxf1 Nxf1 {KN-K3P} 68. h5 Kf8 69. Kf5 Ne3+ 70. Ke4 Nc4 (70... Nd1 $5 71. Kd4 $8 Kf7 $11) 71. b3 $2 {[%mdl 8192]} (71. Kd5 $11 Nxb2 72. Kc5) 71... Na3 {Black mates.} 72. Kd4 Kg7 73. Kc5 Nb1 74. Kd4 {Precision: White = 45%, Black = 39%.} 0-1

[Event "ROU-ch Men 2018"]
[Site "Olanesti"]
[Date "2018.05.15"]
[Round "2"]
[White "Chima, Radu-Niculin"]
[Black "Pislariu, Stefanel-Vasilica"]
[Result "1-0"]
[WhiteElo "2095"]
[BlackElo "1863"]
[Annotator "NA RC"]
[PlyCount "62"]
[EventDate "2018.??.??"]
[EventType "swiss"]
[EventCountry "ROU"]
[SourceTitle "playchess.com"]
[Source "ChessBase"]
[SourceQuality "1"]
[TimeControl "40/5400+30:1800+30"]

1. e4 {[%emt 0:00:00]} e6 {[%emt 0:00:11]} 2. d4 {[%emt 0:00:00]} d5 {[%emt 0:00:07]} 3. Nd2 {[%emt 0:00:00]} Nf6 {[%emt 0:00:11]} 4. e5 {[%emt 0:00:00]} Nfd7 {[%emt 0:00:04]} 5. Bd3 {[%emt 0:00:00]} c5 {[%emt 0:00:16]} 6. c3 {[%emt 0:00:08]} Nc6 {[%emt 0:00:09]} 7. Ne2 {[%emt 0:00:30]} cxd4 {[%emt 0:00:22] LiveBook: 4915 Games} 8. cxd4 {[%emt 0:00:17]} f6 {[%emt 0:00:16]} 9. f4 {[%emt 0:16:06]} fxe5 {[%emt 0:02:05]} 10. dxe5 {[%emt 0:01:13]} Bc5 {[%emt 0:06:10] C06: French Tarrasch: 3...Nf6 4 e5 Nfd7 5 Bd3 main lines} (10... Nc5 11. Bb1 Bd7 12. O-O Qb6 13. Kh1 Be7 14. Nc3 O-O-O 15. a3 a5 16. b4 axb4 17. axb4 Nxb4 18. Nf3 {1-0 (28) Khairullin,I (2451)-Iljushin,A (2526) Moscow 2004}) 11. Nf3 {[%emt 0:01:59]} Qb6 {[%emt 0:07:36]} 12. Rf1 {[%emt 0:09:40]} (12. a3 $14) 12... Bb4+ {[%emt 0:16:21]} 13. Bd2 {[%emt 0:01:09]} Nc5 {[%emt 0:03:29]} 14. Bb1 {[%emt 0:20:24]} Ne4 $146 {[%emt 0:09:20]} ({Predecessor:} 14... Bd7 15. Ng5 Ne7 16. Nc3 Na4 17. Qb3 h6 18. Nxe6 Bxc3 19. Nxg7+ {1-0 (33) Schockmel,J-Kirsch,G Luxembourg 1997}) 15. Bxe4 {[%emt 0:03:51]} dxe4 {[%emt 0:00:14]} 16. Ng5 {[%emt 0:01:33]} e3 {[%emt 0:01:09]} 17. Bc3 {[%emt 0:00:17]} O-O {[%emt 0:17:15]} (17... Be7 $11) 18. Qd3 {[%emt 0:01:14]} g6 {[%emt 0:00:21]} 19. O-O-O {[%emt 0:02:37]} Bxc3 {[%emt 0:06:44]} 20. Nxc3 {[%emt 0:01:59]} Rd8 {[%emt 0:01:29]} 21. Qe4 {[%emt 0:03:23]} Rd2 {[%emt 0:01:01]} 22. Rxd2 {[%emt 0:00:38]} exd2+ {[%emt 0:00:05]} 23. Kb1 $18 {[%emt 0:00:14]} Bd7 {[%emt 0:02:21]} 24. Qd3 {[%emt 0:05:39]} Rd8 {[%emt 0:00:14]} 25. Qxd2 {[%emt 0:00:57]} Be8 {[%emt 0:00:14]} 26. Qf2 {[%emt 0:01:35]} Nd4 {[%emt 0:02:51]} 27. Nce4 {[%emt 0:02:52]} Bb5 {[%emt 0:02:18]} 28. Rd1 {[%emt 0:02:28]} Ba4 {[%emt 0:02:07]} 29. Nf6+ {[%emt 0:01:01]} Kg7 {[%emt 0:01:39]} 30. Rxd4 {[%emt 0:01:28]} Rxd4 {[%emt 0:02:54]} 31. Qxd4 Qd8 1-0

[Event "ROU-ch Men 2018"]
[Site "Olanesti"]
[Date "2018.05.15"]
[Round "2"]
[White "Albu, George"]
[Black "Bobocea, Laurentiu-Vlad"]
[Result "1/2-1/2"]
[WhiteElo "2038"]
[BlackElo "1853"]
[Annotator "NA RC"]
[PlyCount "141"]
[EventDate "2018.??.??"]
[EventType "swiss"]
[EventCountry "ROU"]
[SourceTitle "playchess.com"]
[Source "ChessBase"]
[SourceQuality "1"]
[TimeControl "40/5400+30:1800+30"]

1. d4 {[%emt 0:00:55]} d5 {[%emt 0:00:07]} 2. c4 {[%emt 0:00:25]} c6 {[%emt 0:00:05]} 3. Nc3 {[%emt 0:00:05]} Nf6 {[%emt 0:00:06]} 4. Nf3 {[%emt 0:00:05]} a6 {[%emt 0:00:04]} 5. c5 {[%emt 0:00:06]} Bf5 {[%emt 0:00:07]} 6. Bf4 {[%emt 0:00:06]} Nbd7 {[%emt 0:00:11]} 7. e3 {[%emt 0:00:09]} Nh5 {[%emt 0:01:20] D15: Slav Defence: 4 Nc3 a6 and gambit lines after 4 Nc3 dxc4} 8. Be5 {[%emt 0:00:14]} f6 {[%emt 0:00:12]} 9. Bg3 {[%emt 0:00:07]} e5 {[%emt 0:02:24]} 10. Nh4 {[%emt 0:00:44]} Bg6 $1 {[%emt 0:00:06] LiveBook: 5 Games} 11. f4 {[%emt 0:15:56]} Qc7 $146 {[%emt 0:13:21]} (11... Bf7 $15) ({Predecessor:} 11... Nxg3 12. hxg3 Bf7 13. Qc2 e4 14. g4 g6 15. Be2 {1-0 (51) Halkias,S (2564)-Svetushkin,D (2607) Kallithea 2009}) 12. Nxg6 {[%emt 0:37:58]} hxg6 {[%emt 0:00:59]} 13. Qg4 {[%emt 0:00:11]} Rh6 {[%emt 0:00:52]} 14. fxe5 {[%emt 0:06:02]} Nxg3 {[%emt 0:03:54]} 15. Qxg3 {[%emt 0:00:39]} fxe5 {[%emt 0:00:14]} 16. Be2 {[%emt 0:00:55]} Be7 {[%emt 0:08:23]} 17. O-O-O {[%emt 0:07:40]} Bh4 {[%emt 0:09:08]} 18. Qg4 {[%emt 0:01:29]} O-O-O {[%emt 0:01:13]} 19. g3 {[%emt 0:01:57]} Bf6 {[%emt 0:00:54]} 20. h4 {[%emt 0:06:35]} Kb8 {[%emt 0:02:22]} 21. b4 {[%emt 0:03:51]} exd4 {[%emt 0:03:55]} 22. exd4 {[%emt 0:00:11]} Re8 {[%emt 0:14:04]} 23. Kc2 {[%emt 0:00:30]} Rhh8 {[%emt 0:12:40]} 24. a4 {[%emt 0:06:19]} Re3 {[%emt 0:00:39]} 25. Rhg1 {[%emt 0:00:23]} a5 {[%emt 0:05:03]} 26. Rd3 {[%emt 0:02:59]} Rxd3 {[%emt 0:03:13]} 27. Bxd3 {[%emt 0:00:11]} axb4 {[%emt 0:00:25]} 28. Na2 {[%emt 0:01:42]} Qa5 {[%emt 0:05:44]} 29. Kb3 {[%emt 0:04:30]} Bxd4 {[%emt 0:03:32]} 30. Qxd4 {[%emt 0:01:00]} Nxc5+ {[%emt 0:01:25]} 31. Kb2 {[%emt 0:00:07]} Nxa4+ {[%emt 0:00:54]} 32. Kc2 {[%emt 0:01:09] [#]} Nc5 $2 {[%emt 0:03:12]} (32... b3+ $1 $19 {[%mdl 512]} 33. Kb1 (33. Kxb3 Nc5+) 33... bxa2+ 34. Ka1 Nc5) 33. Nxb4 {[%emt 0:00:28]} Qa4+ {[%emt 0:00:11]} 34. Kc3 {[%emt 0:00:29]} Qa3+ {[%emt 0:02:37]} 35. Kc2 {[%emt 0:00:01]} Qa4+ {[%emt 0:01:29]} 36. Kc3 {[%emt 0:00:06]} Nxd3 {[%emt 0:01:20]} 37. Kxd3 {[%emt 0:01:10]} Qb3+ {[%emt 0:00:28]} 38. Kd2 {[%emt 0:00:44]} Re8 {[%emt 0:01:14]} 39. Qf4+ {[%emt 0:00:39]} Kc8 {[%emt 0:00:46]} 40. Rc1 {[%emt 0:00:00]} Qb2+ {[%emt 0:01:00]} 41. Rc2 {[%emt 0:01:07]} Qf6 {[%emt 0:03:35]} (41... Qa1 $11 {keeps the balance.}) 42. Qxf6 {[%emt 0:01:01]} (42. Nxd5 $1 $16 {[%csl Gd5][%cal Rf4c7]} Qe5 43. Qxe5 Rxe5 44. Ne3) 42... gxf6 {[%emt 0:00:07]} 43. Nxc6 {[%emt 0:00:05]} bxc6 {[%emt 0:00:23]} 44. Rxc6+ {[%emt 0:00:05]} Kd7 {[%emt 0:00:30]} 45. Rxf6 {[%emt 0:00:07]} Re6 {[%emt 0:00:10]} 46. Rf4 {[%emt 0:01:21]} Kd6 {[%emt 0:00:44]} 47. Kd3 {[%emt 0:00:15]} Kc5 {[%emt 0:02:27]} 48. Rg4 {[%emt 0:00:09]} Ra6 {[%emt 0:01:55]} 49. Rg5 {[%emt 0:00:18]} Ra3+ {[%emt 0:06:09]} 50. Kc2 {[%emt 0:00:50]} Ra6 {[%emt 0:00:14]} 51. Kd3 {[%emt 0:00:08]} Ra3+ {[%emt 0:00:04]} 52. Ke2 {[%emt 0:00:07]} Ra6 {[%emt 0:00:05]} 53. Ke3 {[%emt 0:00:03]} Kc4 {[%emt 0:02:18]} 54. h5 {[%emt 0:03:21]} gxh5 {[%emt 0:00:17]} 55. Rxh5 {[%emt 0:00:06]} d4+ {[%emt 0:02:03]} 56. Kf4 {[%emt 0:01:48]} Kc3 {[%emt 0:03:05]} 57. g4 {[%emt 0:00:20]} d3 {[%emt 0:00:52]} 58. Rh1 {[%emt 0:02:52]} d2 {[%emt 0:05:26]} 59. Kf5 {[%emt 0:00:40]} Ra5+ {[%emt 0:01:16]} 60. Kf6 {[%emt 0:00:10]} Ra6+ {[%emt 0:00:20]} 61. Kf5 $11 {[%emt 0:00:07]} Rd6 {[%emt 0:00:51]} 62. g5 {[%emt 0:02:07]} d1=Q {[%emt 0:03:17]} 63. Rxd1 {[%emt 0:00:07]} Rxd1 {[%emt 0:00:03]} 64. g6 {[%emt 0:00:07]} Kd4 {[%emt 0:00:54]} 65. g7 {[%emt 0:00:21]} Rg1 {[%emt 0:00:05]} 66. Kf6 {[%emt 0:00:04]} Kd5 {[%emt 0:00:59]} 67. Kf7 {[%emt 0:00:15]} Rf1+ {[%emt 0:00:31]} 68. Ke7 {[%emt 0:00:22]} Re1+ {[%emt 0:00:04]} 69. Kf7 {[%emt 0:00:04]} Rg1 {[%emt 0:00:12]} 70. g8=Q {[%emt 0:00:09]} Rxg8 {[%emt 0:00:04]} 71. Kxg8 {[%emt 0:00:04]} 1/2-1/2

[Event "ROU-ch Men 2018"]
[Site "Olanesti"]
[Date "2018.05.15"]
[Round "2"]
[White "Coca, Cristi-Iulian"]
[Black "Cenusa, Mihai"]
[Result "0-1"]
[WhiteElo "2003"]
[BlackElo "1819"]
[Annotator "NA RC"]
[PlyCount "93"]
[EventDate "2018.??.??"]
[EventType "swiss"]
[EventCountry "ROU"]
[SourceTitle "playchess.com"]
[Source "ChessBase"]
[SourceQuality "1"]
[TimeControl "40/5400+30:1800+30"]

1. e4 {[%emt 0:00:00]} e6 {[%emt 0:00:22]} 2. d4 {[%emt 0:00:00]} d5 {[%emt 0:00:06]} 3. Nc3 {[%emt 0:00:00]} Bb4 {[%emt 0:01:26]} 4. e5 {[%emt 0:00:00]} c5 {[%emt 0:00:40]} 5. a3 {[%emt 0:00:00]} Bxc3+ {[%emt 0:00:13]} 6. bxc3 {[%emt 0:00:00]} Qa5 {[%emt 0:00:28]} 7. Bd2 {[%emt 0:01:01]} c4 {[%emt 0:00:21]} 8. f4 {[%emt 0:00:19] C18: French: 3 Nc3 Bb4: Main line: 7 h4 and 7 Qg4} (8. Qg4 g6 9. Nf3 Bd7 10. Be2 Ba4 11. Ra2 Qc7 12. O-O Nd7 13. Bg5 Nb6 14. Rb1 h6 15. Qh4 Bc6 {1-0 (37) Zarate,J (2287)-Martins Barriga,F (2231) ICCF email 2016}) 8... g6 $146 {[%emt 0:00:11]} ({Predecessor:} 8... Ne7 9. Nf3 Nd7 10. Be2 Nb6 11. O-O Bd7 12. Qb1 O-O 13. Qb4 Nc6 14. Qxa5 Nxa5 15. Nh4 Na4 {1-0 (40) Deniz Martin,J (1973)-Reyes Hidalgo,A (1654) Las Palmas 2012}) 9. Nf3 {[%emt 0:00:10]} Ne7 {[%emt 0:00:10]} 10. Be2 {[%emt 0:01:22]} h5 {[%emt 0:00:42]} 11. h3 {[%emt 0:03:59]} Nf5 {[%emt 0:00:56]} 12. Kf2 {[%emt 0:00:37]} h4 {[%emt 0:00:11]} 13. Ng5 {[%emt 0:01:04]} Nc6 {[%emt 0:00:43]} 14. Bg4 {[%emt 0:01:41]} Ng3 {[%emt 0:01:12]} 15. Re1 {[%emt 0:00:36]} Ne7 {[%emt 0:00:27]} 16. Kg1 {[%emt 0:26:38]} Bd7 {[%emt 0:04:58]} 17. Kh2 {[%emt 0:06:02]} Rc8 {[%emt 0:01:10]} 18. Qf3 {[%emt 0:04:19]} Rc6 {[%emt 0:01:33]} 19. Reb1 {[%emt 0:00:44]} Rb6 {[%emt 0:00:26]} 20. Be1 {[%emt 0:05:34]} Ngf5 {[%emt 0:00:17]} 21. Qd1 {[%emt 0:07:01]} Ba4 {[%emt 0:01:45]} 22. Qc1 {[%emt 0:02:16]} Nh6 {[%emt 0:09:34]} 23. Rb4 {[%emt 0:05:19]} Nc6 {[%emt 0:08:21]} 24. Rxb6 {[%emt 0:06:28]} Qxb6 {[%emt 0:00:23]} 25. Nf3 {[%emt 0:01:06]} Qd8 {[%emt 0:00:56]} 26. Bf2 {[%emt 0:03:15]} Kd7 {[%emt 0:01:37]} 27. Ra2 {[%emt 0:00:48]} Kc7 {[%emt 0:04:55]} 28. Qe1 {[%emt 0:00:36]} (28. Ng5 $1 $14) 28... f5 {[%emt 0:00:06]} 29. exf6 {[%emt 0:00:23]} Qxf6 {[%emt 0:00:35]} 30. Qe3 {[%emt 0:11:57]} Nxg4+ $11 {[%emt 0:17:37]} 31. hxg4 {[%emt 0:00:06]} Kb6 {[%emt 0:15:51]} 32. Kh3 {[%emt 0:01:15]} Rf8 {[%emt 0:00:25]} 33. Rb2+ {[%emt 0:01:01]} Ka6 {[%emt 0:00:13]} 34. Bxh4 {[%emt 0:06:26]} Qxf4 {[%emt 0:00:44]} 35. Qxe6 {[%emt 0:00:33]} Qc1 {[%emt 0:00:49]} 36. Rb4 {[%emt 0:00:06]} Bxc2 {[%emt 0:11:10]} 37. Qxd5 {[%emt 0:02:32]} Rxf3+ {[%emt 0:02:32]} 38. Qxf3 {[%emt 0:01:01]} Nxb4 {[%emt 0:00:19]} 39. cxb4 {[%emt 0:00:50]} Bd3 {[%emt 0:03:30]} 40. b5+ {[%emt 0:00:00]} Ka5 {[%emt 0:00:09]} 41. Qxb7 {[%emt 0:09:04]} Ka4 {[%emt 0:23:44]} 42. Qxa7+ {[%emt 0:00:54]} Kb3 {[%emt 0:00:04]} 43. Bf2 {[%emt 0:05:41]} Be4 {[%emt 0:00:34]} 44. Qc7 {[%emt 0:03:58]} Qh6+ {[%emt 0:01:06]} 45. Kg3 {[%emt 0:00:50]} Qd2 46. Kh3 Qc1 47. Qa7 0-1

[Event "ROU-ch Men 2018"]
[Site "Olanesti"]
[Date "2018.05.15"]
[Round "2"]
[White "Tufa, Mihai"]
[Black "Horvat, Dan-Sebastian"]
[Result "0-1"]
[WhiteElo "1915"]
[BlackElo "2152"]
[Annotator "TA"]
[PlyCount "74"]
[EventDate "2018.??.??"]
[EventType "swiss"]
[EventCountry "ROU"]
[SourceTitle "playchess.com"]
[Source "ChessBase"]
[SourceQuality "1"]

{[%evp 16,74,65,-14,-12,-34,-31,-41,0,-38,0,-22,-37,-47,-38,-62,-52,-52,-52,-37,-39,-141,-140,-135,-135,-185,-185,-193,-192,-214,-195,-216,-158,-193,-180,-253,-252,-342,-339,-399,-368,-428,-413,-666,-662,-703,-695,-718,-656,-1103,-1090,-2005,-2075,-2111,-2075,-29981,-29982,-29981,-8299,-29986,-29986]} 1. e4 d6 2. d4 Nf6 3. Nc3 e5 4. dxe5 dxe5 5. Qxd8+ Kxd8 6. Bg5 Nbd7 7. O-O-O c6 8. Bc4 Ke8 9. f3 {LiveBook: 4 Games. B07: Pirc Defence: Miscellaneous Systems} (9. a4 $14) (9. f4 Ng4 10. fxe5 Be7 11. Bxe7 Kxe7 12. Rd2 Ngxe5 13. Bb3 Nc5 14. Nf3 f6 15. Nxe5 Nxb3+ 16. axb3 fxe5 {½-½ (32) Moiseenko,A (2707)-Motylev,A (2686) Yaroslavl 2014}) 9... h6 $11 10. Be3 b5 $146 ({Predecessor:} 10... Bc5 11. Bxc5 Nxc5 12. a4 a5 13. Nge2 Nfd7 14. b3 Nb6 15. Bd3 Ke7 16. Kb2 Be6 {0-1 (52) Podobnik,M (2222)-Jovanovic,Z (2526) Sibenik 2010}) 11. Be2 {Black is slightly better.} Nc5 12. Nh3 Be6 (12... Bxh3 $5 13. gxh3 Ne6 $11) 13. b3 Bxh3 14. gxh3 Ne6 15. Rhg1 Bb4 16. Kb2 Ke7 17. a3 Ba5 18. Nb1 (18. Na2 $15) 18... Bb6 $17 19. Bxb6 axb6 20. c3 Nh5 21. h4 Nhf4 22. Bf1 Rad8 23. Kc2 g5 {[%cal Bg7g5,Bg5h4][%mdl 32]} 24. Rxd8 Rxd8 ({Don't do} 24... Nxd8 25. hxg5 hxg5 26. Rxg5 $17) 25. Nd2 (25. hxg5 $142 hxg5 26. Nd2) 25... gxh4 $19 26. Rg4 Ng5 27. c4 bxc4 28. Nxc4 Kf6 29. Nxb6 (29. Rxh4 $142 h5 30. Rxf4+ exf4 31. Nd2) 29... Nxf3 30. a4 h5 31. Rxf4+ exf4 {[%cal Be5f4,Bf4f3][%mdl 4128] Endgame KRN-KBN} 32. a5 Nxh2 33. Bc4 f3 34. a6 Ng4 35. a7 Ne3+ 36. Kc3 Nxc4 37. bxc4 Kg5 {Precision: White = 10%, Black = 80%.} 0-1

[Event "ROU-ch Men 2018"]
[Site "Olanesti"]
[Date "2018.05.15"]
[Round "2"]
[White "Muller, Wilhelm"]
[Black "Paraschiv, Paul-Alexandru"]
[Result "0-1"]
[WhiteElo "1896"]
[BlackElo "2131"]
[Annotator "TA"]
[PlyCount "76"]
[EventDate "2018.??.??"]
[EventType "swiss"]
[EventCountry "ROU"]
[SourceTitle "playchess.com"]
[Source "ChessBase"]
[SourceQuality "1"]

{[%evp 13,76,-6,-5,-33,-12,-37,5,0,-5,-4,-4,-15,-15,-25,0,-15,-15,-25,-19,-24,-14,-31,-42,-56,-44,-43,-39,-52,-61,-60,-68,-85,-73,-84,0,-79,-64,-94,-76,-83,-27,-136,-75,-127,-76,-74,-56,-72,-62,-68,-71,-84,-75,-113,-31,-147,-148,-123,-129,-193,-162,-320,-306,-309,-285]} 1. d4 e6 2. Nf3 Nf6 3. e3 c5 4. c3 b6 5. Nbd2 Bb7 6. Be2 Be7 7. O-O O-O {LiveBook: 4 Games. A47: 1 d4 Nf6 2 Nf3 b6: Torre, London and Colle Systems} 8. Ne5 (8. b3 d6 9. Bb2 Nbd7 10. c4 Re8 11. Qc2 h6 12. Rad1 Qc7 13. dxc5 bxc5 14. Nb1 Bc6 15. Nc3 {0-1 (47) Tran,Q (2296)-Nguyen,N (2662) Ho Chi Minh City 2012}) 8... d6 9. Bf3 Nd5 $146 {Black is slightly better.} (9... Qc7 {looks sharper.} 10. Bxb7 Qxb7 11. Qf3 Qxf3 12. Nexf3 a5) ({Predecessor:} 9... d5 10. g3 Nc6 11. Nxc6 Bxc6 12. Bg2 Qc7 13. Qc2 Rac8 14. dxc5 bxc5 15. b3 {0-1 (44) Arrese Igor Royuela,A (1693)-Garcia Martinez,M (2044) Salobrena 2015}) 10. Nd3 Qc7 11. c4 Nf6 12. Bxb7 Qxb7 13. Qf3 Nc6 14. b3 cxd4 15. exd4 d5 16. Bb2 Rac8 17. Rfe1 Rfd8 18. a3 dxc4 19. bxc4 b5 20. Ne5 bxc4 21. Ndxc4 Qa6 22. Rad1 Qb5 {...Nxe5 is the strong threat.} 23. Qe2 {Black must now prevent Nxf7!} Qa4 (23... Nxe5 $17 24. Nxe5 Qxe2 25. Rxe2 Rc7) 24. Rd2 (24. Nxf7 $11 Kxf7 25. Qxe6+ Kf8 26. Rc1) 24... Nxe5 25. Nxe5 Rc7 26. h3 Rdc8 ({Black should try} 26... Nd5 $17 27. Nd3 (27. Nxf7 $2 Kxf7 28. Qxe6+ Kf8 $19) 27... Qa5) 27. g4 (27. d5 $11 exd5 28. Nd3) 27... h6 (27... Bd6 $142 28. d5 Nxd5 29. Nxf7 Nf4) 28. h4 (28. d5 $142 exd5 29. Nf3) 28... Bd6 (28... Qa5 $142 29. g5 hxg5 30. hxg5 Ne4 $1 {[%mdl 512]}) 29. g5 $17 hxg5 30. hxg5 Bxe5 31. Qxe5 Nd7 32. Qe4 {[#]} Qa5 $1 {[%cal Ra5g5]} 33. Qe3 Rc2 (33... Nb6 $17 34. Rde2 Nc4) 34. Ree2 {[#]} (34. Rxc2 $15 Rxc2 35. g6) 34... Rxd2 $1 35. Rxd2 Qf5 $36 {[%mdl 2048] Threatens to win with ...Nb6. Black is in control.} 36. Re2 (36. f3 $17) 36... Nb6 {Hoping for ...Nd5.} 37. Qe5 $2 (37. d5 Nc4 38. Qg3) 37... Qb1+ $19 38. Kg2 {Threatening d5!} Nc4 {Precision: White = 21%, Black = 64%.} 0-1